00765nam a2200229Ia 450000500170000000800410001704000190005804100120007708200160008910000200010524500580012526000390018330000260022244000420024850400360029065000330032665100360035985000100039594200070040599900170041295201060042920240307111213.0131103s9999 xx 000 0 und d aLoreto College aEnglish a371.4 bKEM aKemp,Charles F. aCounseling with College Students, cCharles F.Kemp aPhiladelphiabFortress Pressc1967 a143 p.b illus,tables aSuccessful Pastoral Counseling Series aIncludes bibliography and index aSchools and Their Activities aStudent Guidance and Counseling aLCLIB cBK c10479d60958 00102ddc4070aMAINbMAINd2013-11-04l0o371.4 KEM 22986pB10363r2013-11-04w2013-11-04yBKf